Chronologický zoznam základných právnych predpisov

Chronologický zoznam základných právnych predpisov vydaných po 1. januári 1990, upravujúcich pôsobnosť miestnych orgánov štátnej správy a obcí v Slovenskej republike. Ročník 1990, 1991, 1992, 1993, 1994 (do 31.10.1994).

Gespeichert in:
Bibliographische Detailangaben
Format: Buchkapitel
Sprache:Slowakisch
Schlagworte:
Tags: Tag hinzufügen
Keine Tags, Fügen Sie das erste Tag hinzu!

MARC

LEADER 00000naa a2200000 4500
001 r024445
005 20221213114843.9
041 0 |a slo 
044 |a SK 
245 1 0 |a Chronologický zoznam základných právnych predpisov 
520 |a Chronologický zoznam základných právnych predpisov vydaných po 1. januári 1990, upravujúcich pôsobnosť miestnych orgánov štátnej správy a obcí v Slovenskej republike. Ročník 1990, 1991, 1992, 1993, 1994 (do 31.10.1994). 
610 2 0 |a predpisy právne 
610 2 0 |a zákony 
610 2 0 |a súpisy 
610 2 0 |a Slovensko 
610 2 0 |a 1990-1994 
610 2 0 |a správa miestna 
610 2 0 |a správa štátna 
610 2 0 |a samospráva 
610 2 0 |a obce